Capitales de l'union européenne - Statistiques

Statistiques générales
  • Ce quiz a été pris 21 733 fois
  • Le résultat moyen est 22 sur 27
Statistiques - réponses
Pays Réponse % Correct
France Paris
100%
Espagne Madrid
99%
Allemagne Berlin
97%
Portugal Lisbonne
97%
Luxembourg Luxembourg
97%
Belgique Bruxelles
95%
Italie Rome
92%
Grèce Athènes
90%
Irlande Dublin
88%
Autriche Vienne
88%
Pays Bas Amsterdam
84%
Bulgarie Sofia
83%
Pologne Varsovie
80%
Hongrie Budapest
79%
Roumanie Bucarest
78%
Danemark Copenhague
78%
Malte La Valette
75%
Suede Stockholm
75%
Finlande Helsinki
74%
Republique tcheque Prague
74%
Croatie Zagreb
74%
Lettonie Riga
66%
Chypre Nicosie
64%
Slovaquie Bratislava
61%
Slovenie Ljubljana
61%
Lituanie Vilnius
61%
Estonie Talinn
54%
Aucun quiz correspondant
Distribution des résultats
% des personnes avec chaque résultat
Percentile par nombre de réponses
Votre historique - résultats
Vous n’avez pas pris ce quiz